[Event "Stuttgart-chB op"]
[Site "Ditzingen"]
[Date "2015.05.17"]
[Round "7"]
[White "Muench, Werner"]
[Black "Richter, Nils"]
[Result "1/2-1/2"]
[WhiteElo "1804"]
[BlackElo "1735"]
[PlyCount "38"]
[EventDate "2015.05.17"]
[EventType "swiss"]
[EventRounds "7"]
[EventCountry "GER"]
[SourceTitle "EXT 2018"]
[Source "ChessBase"]
[SourceDate "2017.10.13"]
[SourceVersion "1"]
[SourceVersionDate "2017.10.13"]
[SourceQuality "1"]

1. d4 Nf6 2. c4 g6 3. Nc3 d5 4. Nf3 Bg7 5. Qb3 dxc4 6. Qxc4 0-0 7. e4 Nfd7 8. Be3 Nb6 9. Qb3 Nc6 10. Rd1 Bg4 11. d5 Ne5 12. Be2 Nxf3+ 13. gxf3 Bh5 14. Nb5 a6 15. Nd4 Qd7 16. Bf4 Rfe8 17. 0-0 Kh8 18. Nc2 Rad8 19. Ne3 Kg8 1/2-1/2

[Event "Stuttgart-chB op"]
[Site "Ditzingen"]
[Date "2015.05.16"]
[Round "6"]
[White "Fuchs, Egbert"]
[Black "Muench, Werner"]
[Result "1/2-1/2"]
[WhiteElo "1681"]
[BlackElo "1804"]
[PlyCount "112"]
[EventDate "2015.05.17"]
[EventType "swiss"]
[EventRounds "7"]
[EventCountry "GER"]
[SourceTitle "EXT 2018"]
[Source "ChessBase"]
[SourceDate "2017.10.13"]
[SourceVersion "1"]
[SourceVersionDate "2017.10.13"]
[SourceQuality "1"]

1. d4 d5 2. Nf3 Nf6 3. c4 c6 4. g3 e6 5. Bg2 Nbd7 6. 0-0 Be7 7. a4 0-0 8. Qc2 dxc4 9. Nbd2 c5 10. Nxc4 cxd4 11. Nxd4 Nb6 12. Nxb6 Qxb6 13. Nb5 Bd7 14. Be3 Qa5 15. Bxb7 Rab8 16. Bg2 Rfc8 17. Qd3 Bxb5 18. axb5 Qxb5 19. Qxb5 Rxb5 20. Rxa7 Kf8 21. Bd4 Ne8 22. Rfa1 Bf6 23. Bxf6 Nxf6 24. Ra8 Rxa8 25. Rxa8+ Ke7 26. Ra7+ Kf8 27. Ra8+ Ke7 28. Ra7+ Kf8 29. Rb7 Rxb7 30. Bxb7 Ke7 31. f3 Kd6 32. Kf2 Kc5 33. Ke3 Kc4 34. Kd2 Kb3 35. Kc1 Ne8 36. Be4 h6 37. Kb1 Nd6 38. Bc2+ Kb4 39. Ka2 Nc4 40. Bh7 Ne3 41. Bg8 f6 42. Bxe6 Nf1 43. Kb1 Nxh2 44. Bh3 h5 45. Kc2 Kc4 46. b3+ Kb4 47. Bg2 g5 48. e4 h4 49. gxh4 gxh4 50. f4 Ng4 51. Bh3 Nf2 52. e5 fxe5 53. fxe5 Ne4 54. Bf5 Nc5 55. Kd2 Kxb3 56. Ke3 Kc3 1/2-1/2

[Event "Stuttgart-chB int"]
[Site "Ditzingen"]
[Date "2012.05.19"]
[Round "5"]
[White "Muench, Werner"]
[Black "Weis, Olga"]
[Result "1/2-1/2"]
[WhiteElo "1862"]
[BlackElo "1583"]
[PlyCount "63"]
[EventDate "2012.05.17"]
[EventType "swiss"]
[EventRounds "7"]
[EventCountry "GER"]
[SourceTitle "EXT 2018"]
[Source "ChessBase"]
[SourceDate "2017.10.13"]
[SourceVersion "1"]
[SourceVersionDate "2017.10.13"]
[SourceQuality "1"]

1. d4 d5 2. c4 c6 3. Nf3 Nf6 4. g3 Bf5 5. Bg2 e6 6. 0-0 Nbd7 7. b3 Be7 8. Bb2 0-0 9. Nbd2 Rc8 10. Nh4 Bg6 11. Nxg6 hxg6 12. e4 dxe4 13. Nxe4 Nxe4 14. Bxe4 Nf6 15. Bg2 c5 16. dxc5 Bxc5 17. Qf3 b6 18. Rad1 Qe7 19. h3 Rfd8 20. Rxd8+ Rxd8 21. Rd1 Kh7 22. Rxd8 Qxd8 23. Qe2 Nh5 24. Kf1 Bd4 25. Bxd4 Qxd4 26. Be4 Nf6 27. Bd3 Nd7 28. Qe4 Qa1+ 29. Bb1 Nc5 30. Qh4+ Kg8 31. Qd8+ Kh7 32. Qh4+ 1/2-1/2

[Event "Bad Woerishofen op 28th"]
[Site "Bad Woerishofen"]
[Date "2012.03.06"]
[Round "5"]
[White "Walda, Michael"]
[Black "Muench, Werner"]
[Result "1-0"]
[WhiteElo "1965"]
[BlackElo "1867"]
[PlyCount "119"]
[EventDate "2012.03.02"]
[EventType "swiss"]
[EventRounds "9"]
[EventCountry "GER"]
[SourceTitle "EXT 2019"]
[Source "ChessBase"]
[SourceDate "2018.10.10"]
[SourceVersion "1"]
[SourceVersionDate "2018.10.10"]
[SourceQuality "1"]

1. e4 c5 2. Nf3 Nc6 3. c4 e6 4. Nc3 a6 5. d4 cxd4 6. Nxd4 Bc5 7. Nb3 Ba7 8. Bf4 Bb8 9. Bd6 Bxd6 10. Qxd6 Nh6 11. Be2 f6 12. Rd1 Nf7 13. Qa3 Qe7 14. c5 0-0 15. Nb5 Rb8 16. Nd6 Nxd6 17. cxd6 Qd8 18. Qc5 b6 19. Qc3 Bb7 20. 0-0 Rc8 21. Qe3 f5 22. exf5 Rxf5 23. Bg4 Rf6 24. Rfe1 Nb4 25. Nd4 Nc2 26. Nxc2 Rxc2 27. Rd2 Rxd2 28. Qxd2 Qa8 29. Bh3 Rg6 30. f4 Bd5 31. g3 Rf6 32. f5 exf5 33. Re5 Be6 34. Bg2 Qb8 35. Bd5 g6 36. Bxe6+ Rxe6 37. Rxe6 dxe6 38. d7 Qd8 39. Kf2 Kf7 40. Qd6 g5 41. Ke3 g4 42. b4 h5 43. Kf4 Kf6 44. Ke3 Kf7 45. Kd4 Kf6 46. a4 a5 47. bxa5 bxa5 48. Kc5 Kf7 49. Kc6 Qa8+ 50. Kb6 Qd8+ 51. Kb7 Kf6 52. Ka7 Kf7 53. Ka6 Kf6 54. Kb5 Kf7 55. Kc4 Kf6 56. Kd4 Kf7 57. Kc5 Kf6 58. Qd4+ Kf7 59. Kc6 Kg6 60. Qb6 1-0

[Event "Bad Woerishofen op 22nd"]
[Site "Bad Woerishofen"]
[Date "2006.03.21"]
[Round "5"]
[White "Engl, Heinz"]
[Black "Muench, Werner"]
[Result "1-0"]
[WhiteElo "2072"]
[BlackElo "1930"]
[PlyCount "79"]
[EventDate "2006.03.17"]
[EventType "swiss"]
[EventRounds "9"]
[EventCountry "GER"]
[SourceTitle "EXT 2021"]
[Source "ChessBase"]
[SourceDate "2020.10.23"]
[SourceVersion "1"]
[SourceVersionDate "2020.10.23"]
[SourceQuality "1"]

1. e4 c6 2. Nf3 d5 3. exd5 cxd5 4. Ne5 Nc6 5. d4 Qb6 6. c3 Bf5 7. Bd3 Bxd3 8. Qxd3 Nxe5 9. dxe5 e6 10. 0-0 Ne7 11. Nd2 Nc6 12. Nf3 Be7 13. b4 0-0 14. a4 Rfd8 15. b5 Na5 16. Ng5 Bxg5 17. Bxg5 Rdc8 18. Rae1 Nc4 19. Kh1 Qc7 20. Qg3 Kf8 21. Bc1 a6 22. f4 g6 23. Qh4 axb5 24. axb5 Qe7 25. Qh6+ Ke8 26. f5 gxf5 27. Bg5 Qf8 28. Qf6 Nb6 29. Be3 Nd7 30. Qh4 Rc4 31. Qxh7 Kd8 32. Bd4 Kc7 33. g4 Qg8 34. Qxg8 Rxg8 35. gxf5 Nc5 36. Re3 Ne4 37. Rh3 Ra4 38. Rh7 Ra2 39. Rxf7+ Kb8 40. fxe6 1-0

[Event "Bad Woerishofen op 22nd"]
[Site "Bad Woerishofen"]
[Date "2006.03.20"]
[Round "4"]
[White "Muench, Werner"]
[Black "Goris, Ton"]
[Result "1/2-1/2"]
[WhiteElo "1930"]
[BlackElo "2086"]
[PlyCount "95"]
[EventDate "2006.03.17"]
[EventType "swiss"]
[EventRounds "9"]
[EventCountry "GER"]
[SourceTitle "CBM 111 Extra"]
[Source "ChessBase"]
[SourceDate "2006.05.09"]
[SourceVersion "1"]
[SourceVersionDate "2006.05.09"]
[SourceQuality "1"]

1. d4 e6 2. c4 Nf6 3. Nf3 c5 4. d5 exd5 5. cxd5 d6 6. Nc3 g6 7. e4 Bg7 8. Bb5+ Nbd7 9. 0-0 0-0 10. Bxd7 Bxd7 11. Bf4 Bg4 12. h3 Bxf3 13. Qxf3 Nh5 14. Bh2 a6 15. Rfe1 b5 16. Rab1 Ra7 17. Qd3 Re8 18. a4 b4 19. Nd1 f5 20. f3 Bd4+ 21. Kf1 f4 22. Re2 Qh4 23. Nf2 Ng3+ 24. Bxg3 Qxg3 25. Rd1 Re5 26. Qc4 h5 27. Rxd4 cxd4 28. Nd3 Ree7 29. Qxb4 g5 30. Qxd6 Kh7 31. Qf6 Rf7 32. Qxd4 g4 33. hxg4 hxg4 34. Qf2 gxf3 35. Qxf3 Qh2 36. Qh3+ Qxh3 37. gxh3 f3 38. Rf2 Rac7 39. e5 Rf5 40. d6 Rc4 41. Ke1 Rd4 42. Kd2 Rxe5 43. Kc3 Red5 44. Rxf3 Rxd6 45. b4 R4d5 46. Kc4 Rd4+ 47. Kc3 R4d5 48. Kc4 1/2-1/2

[Event "Bad Woerishofen op 21st"]
[Site "Bad Woerishofen"]
[Date "2005.03.06"]
[Round "4"]
[White "Pohlers, Juergen"]
[Black "Muench, Werner"]
[Result "1/2-1/2"]
[WhiteElo "2094"]
[BlackElo "1911"]
[PlyCount "71"]
[EventDate "2005.03.03"]
[EventType "swiss"]
[EventRounds "9"]
[EventCountry "GER"]
[SourceTitle "EXT 2022"]
[Source "ChessBase"]
[SourceDate "2021.10.06"]
[SourceVersion "1"]
[SourceVersionDate "2021.10.06"]
[SourceQuality "1"]

1. d4 d5 2. c4 c6 3. Nf3 Nf6 4. Nc3 a6 5. c5 Nbd7 6. Bf4 Nh5 7. e3 Nxf4 8. exf4 g6 9. Bd3 Bg7 10. 0-0 0-0 11. f5 Re8 12. fxg6 hxg6 13. Qd2 e5 14. Nxe5 Nxe5 15. dxe5 Bxe5 16. Rae1 Bd7 17. f4 Bd4+ 18. Kh1 Qf6 19. f5 Rxe1 20. Qxe1 Re8 21. Qg3 Qg7 22. fxg6 fxg6 23. Bxg6 Rf8 24. Rxf8+ Kxf8 25. Qd6+ Qe7 26. Qxe7+ Kxe7 27. Na4 Kf6 28. Bd3 Ke5 29. h4 Bg4 30. Kh2 Kf4 31. Bg6 Be5 32. h5 Kg5+ 33. Kg1 Bxh5 34. Bxh5 Kxh5 35. Kf1 Kg4 36. Ke2 1/2-1/2

[Event "Stuttgart-chA"]
[Site "Stuttgart"]
[Date "2004.??.??"]
[Round "?"]
[White "Hedler, Thomas"]
[Black "Muench, Werner"]
[Result "1/2-1/2"]
[WhiteElo "2030"]
[BlackElo "1950"]
[PlyCount "88"]
[EventDate "2004.05.20"]
[EventType "swiss"]
[EventRounds "7"]
[EventCountry "GER"]
[SourceTitle "EXT 2007"]
[Source "ChessBase"]
[SourceDate "2006.11.23"]
[SourceVersion "1"]
[SourceVersionDate "2006.11.23"]
[SourceQuality "1"]

1. Nc3 d5 2. e4 dxe4 3. Nxe4 Bf5 4. Ng3 Bg6 5. Bc4 e6 6. h4 h6 7. h5 Bh7 8. N1e2 Bd6 9. b3 Nf6 10. Bb2 Nbd7 11. 0-0 Nb6 12. Rb1 Nxc4 13. bxc4 Rb8 14. f4 c5 15. Rf3 0-0 16. Nc1 Ng4 17. Nd3 Bxd3 18. cxd3 Qc7 19. Qf1 f5 20. Re1 Rbe8 21. Nh1 e5 22. fxe5 Bxe5 23. Bxe5 Rxe5 24. Ng3 Rfe8 25. Rxe5 Qxe5 26. Rf4 Rf8 27. a4 Kh7 28. Nh1 Rf6 29. g3 g6 30. hxg6+ Kxg6 31. Nf2 Nxf2 32. Qxf2 Re6 33. Qg2 h5 34. Rf1 Qd4+ 35. Kh2 Qxd3 36. Rf2 Re4 37. Qg1 Re2 38. Qg2 Rxf2 39. Qxf2 Qxc4 40. Qe3 Qd4 41. Qe8+ Kf6 42. Qf8+ Kg6 43. Qe8+ Kf6 44. Qf8+ Kg6 1/2-1/2

[Event "Bad Woerishofen op 19th"]
[Site "Bad Woerishofen"]
[Date "2003.03.14"]
[Round "2"]
[White "Vonach, Bernhard"]
[Black "Muench, Werner"]
[Result "1/2-1/2"]
[WhiteElo "2050"]
[BlackElo "1608"]
[PlyCount "90"]
[EventDate "2003.03.13"]
[EventType "swiss"]
[EventRounds "9"]
[EventCountry "GER"]
[SourceTitle "CBM 093 Extra"]
[Source "ChessBase"]
[SourceDate "2003.05.09"]
[SourceVersion "1"]
[SourceVersionDate "2003.05.09"]
[SourceQuality "1"]

1. e4 c6 2. c4 d5 3. cxd5 cxd5 4. exd5 Nf6 5. Nc3 Nxd5 6. Bb5+ Bd7 7. Qa4 Nxc3 8. dxc3 Nc6 9. Be3 e6 10. Rd1 Qc7 11. Nf3 Be7 12. 0-0 0-0 13. Bf4 Qc8 14. Bd6 Bxd6 15. Rxd6 a6 16. Qd1 Rd8 17. Ba4 Be8 18. Qd3 Rxd6 19. Qxd6 Qd8 20. Rd1 Qxd6 21. Rxd6 Kf8 22. Kf1 Ke7 23. Rd1 f6 24. Ke2 Rd8 25. Rxd8 Kxd8 26. Bxc6 Bxc6 27. Nd4 Bd7 28. Ke3 Kc7 29. b3 e5 30. Nc2 Kd6 31. Nb4 g5 32. Nd3 h5 33. Nb2 Be6 34. Nd3 f5 35. Ne1 Bd5 36. g3 f4+ 37. gxf4 gxf4+ 38. Ke2 b5 39. Nd3 a5 40. f3 a4 41. bxa4 bxa4 42. a3 Bc4 43. Kd2 Bd5 44. Ke2 Bc4 45. Kd2 Bd5 1/2-1/2

[Event "Nuremberg Zabo op 03rd"]
[Site "Nuremberg"]
[Date "2001.09.22"]
[Round "2"]
[White "Muench, Werner"]
[Black "Tobisch, Jasmin"]
[Result "1-0"]
[WhiteElo "1644"]
[BlackElo "1284"]
[PlyCount "87"]
[EventDate "2001.09.21"]
[EventType "swiss"]
[EventRounds "5"]
[EventCountry "GER"]
[SourceTitle "EXT 2003"]
[Source "ChessBase"]
[SourceDate "2002.11.25"]
[SourceVersion "1"]
[SourceVersionDate "2002.11.25"]
[SourceQuality "1"]

1. d4 Nf6 2. Nf3 g6 3. c4 d6 4. Nc3 Bg7 5. g3 0-0 6. Bg2 Nbd7 7. 0-0 e5 8. e3 Ne8 9. b3 f5 10. Bb2 c6 11. Qc2 Nc7 12. Rad1 e4 13. Nd2 d5 14. cxd5 cxd5 15. Rc1 Nf6 16. Ne2 Ne6 17. Ba3 Re8 18. Qb2 b6 19. b4 Bb7 20. Rc2 Qd7 21. Rfc1 Rac8 22. Rxc8 Rxc8 23. Rxc8+ Qxc8 24. Qc3 Qd7 25. Qb3 g5 26. b5 Nc7 27. Nc3 Nh5 28. Qb4 h6 29. Qe7 Qxe7 30. Bxe7 Kf7 31. Bb4 f4 32. gxf4 gxf4 33. Bh3 fxe3 34. fxe3 Nf6 35. Bd6 Ne6 36. Be5 Ng5 37. Bf5 h5 38. h3 Bh6 39. Kf2 a6 40. a4 Ne6 41. bxa6 Bxa6 42. Bxe6+ Kxe6 43. Bxf6 Kxf6 44. Nxd5+ 1-0